000 00648nam a2200217 a 4500
005 20250513063838.0
008 160815s2012 mx r 000 0 spa d
020 _a9786074015867
035 _aUPN01000212314
049 _aCG
050 4 _aRA425
_bG4.6
245 0 0 _aGénero y salud :
_bvisiones multireferenciales /
_ccoord. Silvia Padilla Loredo.
260 _aMéxico :
_bMiguel Angel Porrúa :
_bUAEM,
_c2012.
300 _a176 p. :
_bgráfs.
440 0 _aEstudios de género
650 2 _aSalud pública
_96078
650 4 _aEquidad de género
_94872
700 1 _aPadilla Loredo, Silvia,
_ecoord.
905 _aLibro
999 _c184414
_d184414